000 00653nam a2200229Ia 4500
003 OSt
005 20220928124357.0
006 a|||||r|||| 00| 0
007 ta
008 220927b |||||||| |||| 00| 0 eng d
024 _a34240
037 _cTextual
040 _aSDCL
_cSDCL
_beng
041 _2eng
_aeng
082 _aV2:2jM69, K9
100 _aGajendragadkar P B
_9393542
245 0 _aConstitution of India
_b Its philosophy and basic postulates
260 _aLondon
_bOxford University Press
_c1969
300 _axvi,107p
_ccm.
942 _hV2:2jM69, K9
_cTEXL
_2CC
999 _c777667
_d777667